00825nam a2200145Ia 4500008004100000020001800041050002400059100003300083245014500116260004300261300003700304500013400341505016300475650004100638120626s2009 mx a 000 0 spa d a9786077703118 aLB1139 bR6629 2009 aRomay Morales, Marthaeautor aEvaluación del desarrollo infantil b: Práctica e investigación con el inventario de hábilidades básicas c/ Martha, Romay Morales aMéxico b: Editorial Trillasc, 2009 a167 páginasb: ilustraciones  aIncluye: Indice de contenido, Agradecimientos, Prólogo, Introducción, Bibliografía, Indice onomástico, Indice Analítico aEl desarrollo infantil Evaluación del desarrollo infantil El Inventario de Habilidades Básicas (IHB) Método Resultados y discusión Anexos  0aDESARROLLO INFANTIL xEVALUACIÓN